000 00730cam a22002533a 4500
001 29284
003 PGUSA
005 20140828083631.0
008 090701s2009||||xxu|||||s|||||000 1 eng d
040 _aPGUSA
_beng
042 _adc
050 4 _aPS
100 1 _aDeland, Margaret Wade Campbell,
_d1857-1945
245 1 3 _aAn Encore
_h[electronic resource] /
_cMargaret Wade Campbell Deland
260 _bProject Gutenberg,
_c2009
506 _aPublic domain in the USA.
516 _aElectronic text
653 _aOlder people -- Fiction
653 _aLove stories
700 1 _aStephens, Alice Barber,
_d1858-1932
830 0 _aProject Gutenberg
_v29284
856 4 0 _uhttp://www.gutenberg.org/ebooks/29284
942 _cEB
999 _c258539
_d258539